00838 2200313 4500001002100000005001500021035002000036007000300056040001700059100003100076245004400107250001000151300003400161504002600195041000800221082001000229084001600239090002500255264003800280336002100318337003000339338002300369650002300392850001000415008004100425020001800466990002000484990002000504INLIS00000000000943620260420023004 a0010-1222000041ta aSBPUPADbind0 aHary K Nugroho:ePengarang1 aPanduan Lengkap Walet /cHary K Nugroho aCet.5 aiv 200 hlm. :bilus. ;c26 cm abibiliografi, hlm 1980 aind a636.6 a636.6 HAR p a637.5 WAR m L 19 R 9 aJakarta :bPenebar Swadaya,c2013 2rdacontentateks 2rdamediaatanpa perantara 2rdacarrieravolume 4aTeknologi terampil aPUPAD260420 0  a979-002-360-X a23.960/H/BPK/17 a23.961/H/DPK/17